000 01078pam a2200313 a 4500
001 3279074
003 OSt
005 20230704121616.0
008 821022s1983 dcu b 000 0 eng
010 _a 82020706
020 _a0844734977 (pbk.)
020 _a0844734985 (hard)
040 _aDLC
_cDLC
_dDLC
043 _an-us---
050 0 0 _aJK585
_b.B55 1983
082 0 0 _a353.03/72
_219
_bKIN
245 0 0 _aBoth ends of the avenue :
_bthe presidency, the executive branch, and Congress in the 1980s /
_cedited by Anthony King.
260 _aWashington :
_bAmerican Enterprise Institute for Public Policy Research,
_cc1983.
300 _a273 p. ;
_c23 cm.
440 0 _aStudies in political and social processes
440 0 _aAEI studies ;
_v361
504 _aIncludes bibliographical references.
610 1 0 _aUnited States.
_bCongress.
650 0 _aPresidents
_zUnited States.
700 1 _aKing, Anthony Stephen.
710 2 _aAmerican Enterprise Institute for Public Policy Research.
906 _a7
_bcbc
_corignew
_d1
_eocip
_f19
_gy-gencatlg
942 _2ddc
_cBK
999 _c3787
_d3787